| 000 | 00612cam a2200193 4500 | ||
|---|---|---|---|
| 001 | 1354 | ||
| 005 | 20260305082557.0 | ||
| 008 | 260305b |||||||| |||| 00| 0 eng d | ||
| 010 | _a 75043334 | ||
| 020 | _a0300018622 | ||
| 043 | _aas----- | ||
| 100 | 1 | _aScott, James C. | |
| 245 | 1 | 4 |
_aThe moral economy of the peasant : _brebellion and subsistence in Southeast Asia / _cJames C. Scott. |
| 260 |
_aNew Haven : _bYale University Press, _c1976. |
||
| 300 |
_aix, 246 p. : _bill. ; _c24 cm. |
||
| 504 | _aIncludes bibliographical references and index. | ||
| 650 | 0 |
_aPeasants _zSoutheast Asia. |
|
| 942 |
_2ddc _cMAIN |
||
| 999 |
_c986 _d986 |
||